| 000 | 00440nam a2200181Ia 4500 | ||
|---|---|---|---|
| 001 | 3176 | ||
| 005 | 20260306144901.0 | ||
| 008 | 260306t2014||||xx |||||||||||||| ||spa|| | ||
| 041 | _aESP | ||
| 082 |
_a261.8 _bG63 |
||
| 100 |
_aGómez Martín, Eduardo _eAUT |
||
| 245 | 0 | _aPrincipios del pensamiento social cristiano | |
| 260 | _c2014 | ||
| 300 |
_a44 páginas : _c28 cm. |
||
| 650 | _aGEN | ||
| 654 | _aCHU | ||
| 942 |
_cLIB _dJUS _fJUS _2ddc _n |
||
| 999 |
_c3176 _d3176 |
||